Responses for Show #2476 - Monday, May 15, 1995

Contestants

[<< previous game]

Teresa Holland, a bank teller from Spring Valley, Ohio

Tom McManus, a writer originally from Ridgewood, New Jersey

Doug Levy, a claims adjuster originally from Napa, California (whose 1-day cash winnings total $11,599)

[next game >>]

Jeopardy! Round responses

U.S. GOVERNMENT
THE MOVIES
HOLIDAYS & OBSERVANCES
DANCE
TRAVEL & TOURISM
(Alex: Shades of the movie White Men Can't Jump...)
STARTS WITH "Q"
    $100 11
the District of Columbia

Tom
    $100 1
the Bride of Frankenstein

Teresa
    $100 6
Alaska

Doug
    $100 26
the cancan

Teresa
    $100 21
Seattle

Tom
    $100 16
quoth

Tom
    $200 12
Andrew Johnson

Doug
    $200 2
Herman's Hermits

Doug
    $200 7
Good Friday

Tom
    $200 27
the jitterbug

Triple Stumper
    $200 22
(Doug: What is the Parthenon?)
...
(Alex: The Parthenon, of course, is on [*].)

the Acropolis

DougTom
    $200 17
(Tom: What is quell?)

quench

DougTom
    $300 13
Garfield

Tom
    $300 3
Richard Pryor

Teresa
    $300 8
World War I

Tom
    $300 28
the minuet

Teresa
    $300 23
Wyoming

Doug
    $300 18
[ERRATUM: The chemical formula erroneously used a zero where a capital letter O should have been used, as shown.]

quinine

Teresa
    $400 14
the Alcohol, Tobacco & Firearms

Doug
    $400 4
Katharine Hepburn

Teresa
    $400 9
May Day

Tom
    $500 29
(Teresa: What is... the merengue?)

the bossa nova

Teresa
    $400 24
Hoover Dam

Doug
    $400 19
(Doug: What is QUILTY?)

QWERTY

DougTom
    $500 15
the (National) Archives

Doug
    $500 5
(Doug: What is State Fair?)
(Teresa: What is Easter Parade?)
(Tom: What is Meet Me at the Fair?)

Meet Me in St. Louis

DougTomTeresa
Triple Stumper
    $500 10
Dominion Day

Triple Stumper
    $500 30
Jerome Robbins

Triple Stumper
    $500 25
the Capitoline Hill

Triple Stumper
    $500 20
Quantico

Doug

Scores at the first commercial break (after clue 12):

Doug Tom Teresa
$0 $500 $300

Scores at the end of the Jeopardy! Round:

Doug Tom Teresa
$1,700 $1,400 $500

Double Jeopardy! Round responses

HISTORY
ANTHROPOLOGY
COLLEGES & UNIVERSITIES
ART
STATE CAPITALS
LITERARY HODGEPODGE
    $200 19
Ivan the Terrible

Doug
    $200 16
Columbus

Teresa
    $200 10
David

Tom
    $200 1
Saint Paul

Doug
    $200 6
Mark Twain

Tom
    $400 20
Indonesia

Triple Stumper
    $400 17
totem poles

Doug
    $400 11
the 1960s

Doug
    $400 2
Santa Fe

Teresa
    $400 7
Happiness is a Warm Puppy

Doug
    $600 21
France

Tom
    $600 18
Bedouins

Doug
    $600 12
Picasso

Tom
    $600 3
(Tom: What is Charlotte?)

Raleigh

TomTeresa
    $1,500 8
(Doug: Who is Jo...?)

Meg, Jo, Beth & Amy (the March sisters)

Doug
    $800 22
the Hanseatic League

Tom
    $800 24
Thor Heyerdahl

Doug
    $800 27
[The end-of-round signal sounds.]

Knoxville

Teresa
    $800 13
Dada

Doug
    $800 4
Harrisburg

Teresa
    $800 15
O. Henry

Teresa
    $1000 23
(Alex: A minute to go.)

Suleiman (the magnificent)

Teresa
    $1000 25
the Ainu

Triple Stumper
    $1,200 26
(Doug: What is Massachusetts?)

New Hampshire

Doug
    $1000 14
(Peter Paul) Rubens

Doug
    $1000 5
Phoenix

Tom
    $1000 9
V.I. Warshawski

Doug

Scores at the end of the Double Jeopardy! Round:

Doug Tom Teresa
$4,800 $4,200 $5,100

[wagering suggestions for these scores]

Final Jeopardy! Round responses

SHAKESPEARE
(Alex: Those were warriors in the Trojan War.)
TomWhat is
$4,150
DougWhat is Tithonus
$4,700
TeresaWhat is Timon on Athens?
$4,000
Troilus and Cressida

Final scores:

Doug Tom Teresa
$100 $50 $1,100
2nd place: Ashley dining collection + Sunworthy wall coverings + Jeopardy! Sports Edition for home computer or Super Nintendo Entertainment System 3rd place: Sansui mini component system + Jeopardy! Sports Edition for home computer or Super Nintendo Entertainment System New champion: $1,100

Game dynamics:

Coryat scores:

Doug Tom Teresa
$7,500 $4,200 $5,600
19 R,
5 W
(including 2 DDs)
15 R,
3 W
13 R,
2 W
(including 1 DD)

Combined Coryat: $17,300

[game clues] [game scores] [suggest correction]

Game tape date: 1995-01-17
The J! Archive is created by fans, for fans. Scraping, republication, monetization, and malicious use prohibited; this site may use cookies and collect identifying information. See terms. The Jeopardy! game show and all elements thereof, including but not limited to copyright and trademark thereto, are the property of Jeopardy Productions, Inc. and are protected under law. This website is not affiliated with, sponsored by, or operated by Jeopardy Productions, Inc. Join the discussion at JBoard.tv.